| 000 | 00484nam a2200157 a 4500 | ||
|---|---|---|---|
| 001 | 000039416 | ||
| 005 | 20201002031635.0 | ||
| 008 | 130626s2001 dr 000 0 spa | ||
| 040 |
_aDO-SdBNP _bspa _cBNPHU |
||
| 100 | 1 |
_aChillello _965613 |
|
| 245 | 1 | 3 |
_aEl verano de los sabios : _b¿Que somos? / _cChillello. |
| 260 |
_aSanto Domingo : _bEdiciones Mentelibros, _c2001. |
||
| 300 |
_a174 p. ; _c23 cm. |
||
| 490 | 1 | _aProfecías de la ciencia | |
| 830 | 0 |
_aProfecías de la ciencia _965614 |
|
| 999 |
_c38906 _d38906 |
||